| 000 | 00861nam a22001937a 4500 | ||
|---|---|---|---|
| 999 |
_c61992 _d61992 |
||
| 003 | Ge_BSU | ||
| 005 | 20240619173757.0 | ||
| 008 | 240619s1976 ge ||||| |||| 00| 0 geo d | ||
| 041 | _ageo | ||
| 080 | _a614.213(479.224) დ-19 | ||
| 100 |
_aდანელია, ზ. _922497 |
||
| 245 |
_aკურორტი გაგრა : _bგზამკვლევი / _cზ. დანელია; თარგმნა ნ. ჩიგოგიძემ. |
||
| 264 |
_aთბ. : _b საბჭ. საქართველო, _c1976. |
||
| 300 |
_a101 გვ. : _b4 ფ. ილ. ; _c17 სმ. |
||
| 653 | _aკურორტები აფხაზეთში | ||
| 700 |
_aჩიგოგიძე, ნ. _eმთარგმნელი _922426 |
||
| 700 |
_aხუნდაზე, ი. _eრედაქტორი _922498 |
||
| 942 |
_2udc _cᲬᲘᲒᲜᲘ |
||